000 00352nam a2200157Ia 4500
003 OSt
005 20240212114504.0
008 170524s9999 xx 000 0 und d
020 _a978-0195689136
040 _cIIMT UNIVERSITY
100 _aSHARMA SUNIL
100 _c2010
245 0 _aSUPPLY CHAIN MANAGEMENT
260 _aOXFORD
942 _2ddc
_c01
999 _c2796
_d2796